Obras completas de San Agustín. (Record no. 171918)

MARC details
000 -LEADER
campo de control de longitud fija 01121nam a2200289 i 4500
001 - NÚMERO DE CONTROL
campo de control 171918
003 - IDENTIFICADOR DE NÚMERO DE CONTROL
campo de control ES-MaACL
005 - FECHA Y HORA DE LA ÚLTIMA TRANSACCIÓN
campo de control 20250808062817.0
007 - CAMPO FIJO DE DESCRIPCIÓN FÍSICA--INFORMACIÓN GENERAL
campo de control de longitud fija t|
008 - DATOS DE LONGITUD FIJA--INFORMACIÓN GENERAL
campo de control de longitud fija 090608s1983 sp |||| | spa d
020 ## - NÚMERO INTERNACIONAL ESTÁNDAR DEL LIBRO
Número Internacional Estándar del Libro 84-220-1113-1
100 0# - ENTRADA PRINCIPAL--NOMBRE DE PERSONA
Nombre de persona Agustín
Títulos y otros términos asociados al nombre Santo, Obispo de Hipona.
9 (RLIN) 125563
245 10 - MENCIÓN DEL TÍTULO
Título Obras completas de San Agustín.
Número de parte o sección de la obra XIII,
Nombre de parte o sección de la obra Sermones (3º) /
Mención de responsabilidad, etc. traducción de Amador del Fueyo y Pío de Luis ; notas de Pío de Luis ; [revisión a cargo de Miguel Fuertes Lanero].
250 ## - MENCION DE EDICION
Mención de edición Ed. bilingüe.
260 ## - PUBLICACIÓN, DISTRIBUCIÓN, ETC.
Lugar de publicación, distribución, etc. Madrid :
Nombre del editor, distribuidor, etc. La Editorial Católica,
Fecha de publicación, distribución, etc. 1983.
300 ## - DESCRIPCIÓN FÍSICA
Extensión XV, 834 p. ;
Dimensiones 20 cm.
490 1# - MENCIÓN DE SERIE
Mención de serie Biblioteca de autores cristianos ;
Designación de volumen o secuencia 443
505 8# - NOTA DE CONTENIDO CON FORMATO
Nota de contenido con formato Contiene: Sermones (3º) 117-183 : Evangelio de San Juan, Hechos de los Apóstoles y Cartas
546 ## - NOTA DE IDIOMA
Nota de lengua/lenguaje Texto latino y traducción en español.
650 07 - PUNTO DE ACCESO ADICIONAL DE MATERIA--TÉRMINO DE MATERIA
Término de materia o nombre geográfico como elemento de entrada Sermones
Fuente del encabezamiento o término embne
9 (RLIN) 136819
700 1# - ENTRADA AGREGADA--NOMBRE PERSONAL
Nombre de persona Luis, Pío de.
9 (RLIN) 74684
700 1# - ENTRADA AGREGADA--NOMBRE PERSONAL
Nombre de persona Fueyo, Amador del.
9 (RLIN) 139702
700 1# - ENTRADA AGREGADA--NOMBRE PERSONAL
Nombre de persona Fuertes Lanero, Miguel.
9 (RLIN) 140541
830 00 - PUNTO DE ACCESO ADICIONAL DE SERIE-TÍTULO UNIFORME
Título uniforme Biblioteca de autores cristianos
Designación de volumen o secuencia 443
9 (RLIN) 178679
852 ## - LOCALIZACIÓN
Ubicación ES-MaACL
Número de control de estantería J-432
Holdings
Estatus retirado Estado de pérdida Estado de daño No para préstamo Biblioteca de origen Biblioteca actual Ubicación en estantería Fecha de adquisición Fuente de adquisición Total de préstamos Signatura topográfica completa Código de barras Visto por última vez Precio de reemplazo Tipo de ítem Koha
        Biblioteca del Ateneo de Madrid Biblioteca del Ateneo de Madrid Depósito 2 08/06/2009     J-432 1180422 23/02/2023 23/02/2023 Libro impreso